00922nam a2200229 a 450000100100000000500170001000800410002702000180006804000250008608200150011110000280012624500500015426000950020430000210029949000640032065000390038465100310042383000710045491000370052595201130056299900170067500003395020200930070641.0110914s2010 ag 000 0 spa d a9789871696048 aDO-SdBNPbspacBNPHU a321bA367a1 aAlem, Leandro N.95940710aAutonomismo y centralismo /cLeandro N. Alem. aBuenos Aires, Argentina :bComisión Nacional Protectora de Bibliotecas Populares,c2010. a253 p. ;c23 cm.1 aBiblioteca popular del bicentenário. Série décadasv2 4aGobierno federalzArgentina959408 4aArgentinaxHistoria918482 0aBiblioteca popular del bicentenário. Série décadasv2959409 aValidado. Control de calidad MFF 001050718MOaGRbGRcHDd2011-09-14iLF1l0o321 A367ap33950-10r2020-06-25w2020-06-25y1ZNo se presta c33441d33441